| 000 | 01045cam a2200277La 4500 | ||
|---|---|---|---|
| 020 | _a0585393095 (electronic bk.) | ||
| 020 | _a9780585393094 (electronic bk.) | ||
| 020 | _a026205065X (hc. : alk. paper) | ||
| 020 | _a9780262050654 (hc. : alk. paper) | ||
| 020 | _a0262550423 (pb) | ||
| 020 | _a9780262550420 | ||
| 040 | _cN$T | ||
| 082 | 0 | 4 | _a338 MIT 2001 A019 Or. |
| 100 | 1 | _aEasterly, William, | |
| 245 | 1 | 4 |
_aThe elusive quest for growth _beconomists' adventures and misadventures in the tropics / |
| 260 |
_aCambridge, Mass. : _bMIT Press, _c2001 |
||
| 300 |
_a1 online resource (xiii, 342 p.) : _bill |
||
| 650 | 0 | _aPoor | |
| 650 | 0 | _aPoverty | |
| 650 | 4 | _aElectronic books | |
| 650 | 0 | _aElectronic books. | |
| 710 | 2 | _aOhio Library and Information Network | |
| 856 | 4 | 0 | _uhttp://search.ebscohost.com/login.aspx?direct=true&scope=site&db=nlebk&db=nlabk&AN=62733 |
| 856 | 4 | 0 | _uhttp://proxy.ohiolink.edu:9099/login?url=http://search.ebscohost.com/login.aspx?direct=true&scope=site&db=nlebk&db=nlabk&AN=62733 |
| 942 | _cEK | ||
| 999 |
_c12239 _d12239 |
||